000 00684nam a2200241Ia 4500
003 OSt
005 20220928114530.0
006 a|||||r|||| 00| 0
007 ta
008 220927b |||||||| |||| 00| 0 eng d
024 _a34189
037 _cReference Collections
040 _aSDCL
_cSDCL
_beng
041 _2eng
_aeng
082 _aV2:71k, N0 RR
100 _aMurthy K Krishna
245 0 _aDictionary of Archaeo-Zoology.
260 _aDelhi
_bAjanta Publications
_c1990
300 _ax,160p
_ccm.
700 _a Padmanabha K
_9439474
942 _hV2:71k, N0 RR
_cREF
_2CC
999 _c755163
_d755163